[Event "World Rapid 2015"]
[Site "Berlin GER"]
[Date "2015.10.10"]
[Round "3.63"]
[White "Berend, Elvira"]
[Black "Khismatullin, Denis"]
[Result "0-1"]
[WhiteElo "2370"]
[BlackElo "2651"]
[PlyCount "78"]
[EventDate "2015.10.10"]
[EventType "rapid"]

1. d4 Nf6 2. c4 e6 3. Nc3 Bb4 4. a3 Bxc3+ 5. bxc3 Nc6 6. c5 b6 7. cxb6 axb6 8.
e3 Ba6 9. Bd3 d5 10. Ne2 O-O 11. O-O e5 12. Bxa6 Rxa6 13. Qc2 Qa8 14. c4 exd4
15. Bb2 dxc4 16. Qxc4 Ra4 17. Qc2 Nd5 18. Rac1 Ne5 19. Nxd4 Re8 20. Nf5 Rc4 21.
Qb1 Rg4 22. Ng3 c5 23. e4 Nf4 24. Bxe5 Rxe5 25. Qxb6 h5 26. Rxc5 Rxe4 27. Qc6
Qxc6 28. Rxc6 Ra4 29. Ra1 h4 30. f3 Rg5 31. Ne4 Rxg2+ 32. Kh1 f6 33. Rc8+ Kh7
34. Rc7 Kh6 35. Rc8 Kh7 36. Rc7 Kg6 37. Nd6 h3 38. Rc4 Rxc4 39. Nxc4 Nd3 0-1

[Event "World Rapid 2015"]
[Site "Berlin GER"]
[Date "2015.10.10"]
[Round "3.64"]
[White "Agrest, Evgenij"]
[Black "Stefansson, Hannes"]
[Result "1/2-1/2"]
[WhiteElo "2596"]
[BlackElo "2602"]
[PlyCount "105"]
[EventDate "2015.10.10"]
[EventType "rapid"]

1. Nf3 Nf6 2. c4 c6 3. Qc2 d5 4. e3 g6 5. b3 Bg7 6. Bb2 O-O 7. Be2 Na6 8. a3
Nc5 9. d3 Bf5 10. cxd5 Qxd5 11. e4 Qxb3 12. Qxb3 Nxb3 13. exf5 Nxa1 14. Bxa1
gxf5 15. O-O Nd5 16. Bxg7 Kxg7 17. g3 c5 18. Rc1 Rac8 19. Nfd2 Kf6 20. f4 Rfd8
21. Kf2 e6 22. Nb3 b6 23. N1d2 Nc7 24. Nf3 Nb5 25. a4 Nc7 26. Ne5 Nd5 27. h3
Nb4 28. g4 fxg4 29. hxg4 h6 30. Rh1 Kg7 31. Rh3 Rc7 32. g5 hxg5 33. fxg5 Rd5
34. Re3 Nc2 35. Re4 Nd4 36. Nd2 Nxe2 37. Rxe2 a6 38. Ndf3 b5 39. axb5 axb5 40.
Rb2 c4 41. dxc4 bxc4 42. Rc2 c3 43. Ke3 Rcc5 44. Nd3 Rc8 45. Nf2 Rf5 46. Ne4
Ra5 47. Rxc3 Rxc3+ 48. Nxc3 Ra3 49. Kd4 Kg6 50. Ne5+ Kxg5 51. Nxf7+ Kf4 52.
Ne2+ Kf3 53. Nc3 1/2-1/2

[Event "World Rapid 2015"]
[Site "Berlin GER"]
[Date "2015.10.10"]
[Round "3.65"]
[White "Zhang, Zhong"]
[Black "Breutigam, Martin"]
[Result "0-1"]
[WhiteElo "2619"]
[BlackElo "2380"]
[PlyCount "102"]
[EventDate "2015.10.10"]
[EventType "rapid"]

1. e4 c5 2. Nf3 e6 3. d3 Nc6 4. g3 d5 5. Nbd2 Bd6 6. Bg2 Nge7 7. O-O O-O 8. Nh4
b5 9. f4 c4 10. e5 Bc5+ 11. Kh1 cxd3 12. cxd3 Bd7 13. Nb3 Bb6 14. d4 Rc8 15.
Be3 Na5 16. Nxa5 Bxa5 17. g4 Ng6 18. Nf3 Bb6 19. Qd3 f5 20. exf6 Qxf6 21. Ne5
Nxe5 22. dxe5 Qh4 23. f5 Qxg4 24. Rf4 Qh5 25. Bf3 Qh3 26. Bxb6 axb6 27. f6 Rc4
28. Rxc4 bxc4 29. Qe3 gxf6 30. Rg1+ Kh8 31. Rg3 Qf5 32. Qh6 Rg8 33. exf6 Rxg3
34. hxg3 Qxf3+ 35. Kh2 Qe2+ 36. Kg1 Qd1+ 37. Kf2 Qc2+ 38. Kf3 Qd3+ 39. Kf2 Qf5+
40. Ke3 Qg6 41. Qf8+ Qg8 42. Qe7 Be8 43. Kf4 Qf7 44. Qd8 h6 45. Ke5 b5 46. a3
Kh7 47. Qb8 Kg6 48. Qd8 h5 49. Kd6 Qd7+ 50. Qxd7 Bxd7 51. Ke7 Be8 0-1

[Event "World Rapid 2015"]
[Site "Berlin GER"]
[Date "2015.10.10"]
[Round "3.66"]
[White "Thiede, Lars"]
[Black "Iturrizaga Bonelli, Eduardo"]
[Result "0-1"]
[WhiteElo "2437"]
[BlackElo "2641"]
[PlyCount "126"]
[EventDate "2015.10.10"]
[EventType "rapid"]

1. c4 Nf6 2. g3 g6 3. Bg2 Bg7 4. Nc3 O-O 5. d3 e6 6. e4 c6 7. Nge2 d5 8. exd5
exd5 9. O-O d4 10. Ne4 Nxe4 11. Bxe4 Nd7 12. Bg2 a5 13. Nf4 Nc5 14. b3 Re8 15.
Ba3 Qb6 16. Qc2 Bf5 17. Rad1 Be5 18. Bh3 Bxf4 19. Bxf5 gxf5 20. gxf4 Ne6 21.
Qe2 Qc7 22. Qh5 Qxf4 23. Kh1 Kh8 24. Rg1 Rg8 25. Be7 Rg6 26. Rxg6 fxg6 27. Qe2
Re8 28. Bf6+ Kg8 29. Re1 Kf7 30. Be5 Qh4 31. Bg3 Qd8 32. Qd2 b6 33. Qh6 Kg8 34.
Be5 Qg5 35. Qh3 Qd8 36. Qh6 Qg5 37. Qh3 Qd2 38. Rg1 Ng5 39. Qg3 Qe2 40. Qxg5
Qxe5 41. Qg2 Re6 42. Qf3 Qf6 43. Qf4 Qe5 44. Qf3 Kf7 45. Qh3 h5 46. Qf3 Qe2 47.
Kg2 Qxa2 48. Qf4 Qe2 49. Qc7+ Kg8 50. h3 Qxd3 51. Qc8+ Kf7 52. Qd7+ Re7 53.
Qxc6 Qe4+ 54. Qxe4 fxe4 55. Rd1 Rd7 56. Kg3 g5 57. h4 Kf6 58. Rh1 d3 59. hxg5+
Kxg5 60. f4+ exf3 61. Kxf3 d2 62. Rd1 h4 63. Ke2 h3 0-1

[Event "World Rapid 2015"]
[Site "Berlin GER"]
[Date "2015.10.10"]
[Round "3.69"]
[White "Pavlovic, Milos"]
[Black "Meister, Jakob"]
[Result "1-0"]
[WhiteElo "2481"]
[BlackElo "2437"]
[PlyCount "87"]
[EventDate "2015.10.10"]
[EventType "rapid"]

1. c4 e6 2. Nf3 Nf6 3. b3 d5 4. Bb2 a5 5. Nc3 a4 6. Nxa4 dxc4 7. bxc4 Nc6 8. e3
Bb4 9. a3 Ba5 10. Be2 Ne4 11. O-O Nxd2 12. Nxd2 Qxd2 13. Bxg7 Rg8 14. Bb2 Qd6
15. Qc2 Bd7 16. Nc3 f5 17. Bh5+ Kf8 18. Ne2 e5 19. Rad1 Qe7 20. Ng3 Rg5 21. Bf3
e4 22. Be2 Be6 23. Nh5 Rg6 24. Nf4 Bf7 25. Kh1 Rg8 26. f3 Bb6 27. fxe4 Bxe3 28.
exf5 Bxf4 29. Rxf4 Re8 30. Bf1 Qe3 31. Rf3 Qe4 32. Qc1 Qh4 33. Rh3 Qg5 34. Rxh7
Qxc1 35. Bxc1 Re4 36. h3 Ke8 37. Bd3 Rd4 38. Re1+ Kd8 39. Rxf7 Rxd3 40. Bf4 Rd7
41. Rxd7+ Kxd7 42. g4 Ra8 43. f6 Rf8 44. g5 1-0

[Event "World Rapid 2015"]
[Site "Berlin GER"]
[Date "2015.10.10"]
[Round "3.70"]
[White "Hilverda, Alexander"]
[Black "Olafsson, Helgi"]
[Result "0-1"]
[WhiteElo "2384"]
[BlackElo "2549"]
[PlyCount "78"]
[EventDate "2015.10.10"]
[EventType "rapid"]

1. d4 d5 2. c4 c6 3. Nf3 Nf6 4. Nc3 dxc4 5. a4 Bf5 6. Ne5 Nbd7 7. Nxc4 Nb6 8.
Ne5 a5 9. g3 e6 10. Bg2 Bb4 11. O-O O-O 12. e3 h6 13. Qe2 Bh7 14. Rd1 Re8 15.
Bd2 Bf8 16. Be1 Nbd5 17. Rac1 Nb4 18. e4 Qb6 19. Nc4 Qa6 20. Bf1 Rad8 21. e5
Nfd5 22. Ne4 Bxe4 23. Qxe4 Qa7 24. f4 Nb6 25. Bxb4 Bxb4 26. Bd3 g6 27. Nxb6
Qxb6 28. Bb1 Rd7 29. h4 Red8 30. Rc4 Rxd4 31. Rdxd4 Rxd4 32. Rxd4 Bc5 33. h5
Qxb2 34. hxg6 Bxd4+ 35. Kh1 Qf2 36. gxf7+ Kf8 37. Qg2 Qe1+ 38. Kh2 Qxb1 39. Qd2
Qb2 0-1

[Event "World Rapid 2015"]
[Site "Berlin GER"]
[Date "2015.10.10"]
[Round "3.71"]
[White "Al-Sayed, Mohammed"]
[Black "Carow, Johannes"]
[Result "1-0"]
[WhiteElo "2520"]
[BlackElo "2431"]
[PlyCount "81"]
[EventDate "2015.10.10"]
[EventType "rapid"]

1. d4 Nf6 2. c4 c5 3. d5 b5 4. Nf3 Bb7 5. Qc2 bxc4 6. e4 e6 7. Bxc4 exd5 8.
exd5 d6 9. O-O Be7 10. Nc3 O-O 11. a4 Na6 12. Re1 Nb4 13. Qe2 Re8 14. Bb5 Nd7
15. a5 a6 16. Ba4 Nxd5 17. Nxd5 Bxd5 18. Bf4 Be6 19. Qd2 d5 20. b4 Bf6 21. Rad1
c4 22. Nd4 Qc8 23. h3 Bxd4 24. Qxd4 Qb7 25. Re3 f6 26. Rde1 Bf7 27. Re7 Rxe7
28. Rxe7 Rd8 29. Bd6 Qc8 30. Rxf7 Kxf7 31. Qxd5+ Kg6 32. Bc2+ Kh6 33. Bf4+ g5
34. Qf7 Rh8 35. Be3 Qe8 36. Qxc4 Ne5 37. Qxa6 Kg7 38. Qb7+ Qf7 39. Qxf7+ Kxf7
40. a6 Ke7 41. Be4 1-0

[Event "World Rapid 2015"]
[Site "Berlin GER"]
[Date "2015.10.10"]
[Round "3.72"]
[White "Bruedigam, Martin"]
[Black "Tari, Aryan"]
[Result "0-1"]
[WhiteElo "2375"]
[BlackElo "2521"]
[PlyCount "94"]
[EventDate "2015.10.10"]
[EventType "rapid"]

1. e4 c5 2. Nf3 d6 3. Bb5+ Nd7 4. d4 cxd4 5. Qxd4 a6 6. Bxd7+ Bxd7 7. c4 Nf6 8.
Nc3 g6 9. e5 dxe5 10. Nxe5 Bg7 11. Nxd7 Qxd7 12. Be3 Rc8 13. Nd5 Qe6 14. O-O
O-O 15. Rfd1 Nxd5 16. cxd5 Bxd4 17. dxe6 Bxe3 18. fxe3 Rc2 19. Rac1 Rxb2 20.
Rc7 fxe6 21. Rxe7 Rf7 22. Rxe6 Rxa2 23. h3 Rff2 24. Rd7 Rxg2+ 25. Kh1 Rgf2 26.
Re8+ Rf8 27. Rxf8+ Kxf8 28. Rxb7 h5 29. Ra7 a5 30. e4 a4 31. e5 g5 32. e6 Ra3
33. Kg2 h4 34. Kh2 Ke8 35. Ra5 Ke7 36. Rxg5 Ra2+ 37. Kg1 a3 38. Ra5 Kxe6 39.
Kf1 Kd6 40. Ke1 Kc6 41. Kd1 Kb6 42. Ra8 Kb5 43. Kc1 Kb4 44. Rh8 Rh2 45. Rxh4+
Kb3 46. Rh8 Rh1+ 47. Kd2 a2 0-1

[Event "World Rapid 2015"]
[Site "Berlin GER"]
[Date "2015.10.10"]
[Round "3.73"]
[White "Camacho Collados, Jose"]
[Black "Sethuraman, S.P."]
[Result "0-1"]
[WhiteElo "2383"]
[BlackElo "2640"]
[PlyCount "58"]
[EventDate "2015.10.10"]
[EventType "rapid"]

1. e4 c5 2. Nf3 e6 3. g3 Nc6 4. Bg2 Bd6 5. d4 cxd4 6. Nxd4 Bc5 7. Nb3 Be7 8.
O-O d6 9. c4 Nf6 10. Nc3 O-O 11. Qe2 a6 12. Be3 Bd7 13. Rfd1 Rc8 14. Na4 Ne5
15. Nb6 Rc6 16. Nxd7 Nfxd7 17. Rac1 Qc7 18. Nd2 b5 19. b3 bxc4 20. Nxc4 Nxc4
21. bxc4 Ne5 22. c5 dxc5 23. f4 Ng6 24. e5 Rb6 25. Qf2 Rc8 26. Rd2 Qb8 27. Rdc2
Rb1 28. Bxc5 Bxc5 29. Rxc5 Rxc1+ 0-1

[Event "World Rapid 2015"]
[Site "Berlin GER"]
[Date "2015.10.10"]
[Round "3.74"]
[White "Schneider, Ilja"]
[Black "Carlstedt, Jonathan"]
[Result "1/2-1/2"]
[WhiteElo "2481"]
[BlackElo "2442"]
[PlyCount "45"]
[EventDate "2015.10.10"]
[EventType "rapid"]

1. d4 Nf6 2. Bg5 d5 3. e3 Nbd7 4. Nf3 c5 5. c3 e6 6. Nbd2 Be7 7. Bd3 O-O 8. O-O
h6 9. Bh4 b6 10. Qe2 Bb7 11. Rfd1 Ne4 12. Bxe7 Qxe7 13. Ba6 Bxa6 14. Qxa6 f5
15. c4 f4 16. cxd5 exd5 17. Qb7 Nxf2 18. Kxf2 fxe3+ 19. Kg1 exd2 20. Ne5 Rad8
21. Qxd5+ Kh7 22. Qe4+ Kg8 23. Qd5+ 1/2-1/2

[Event "World Rapid 2015"]
[Site "Berlin GER"]
[Date "2015.10.10"]
[Round "3.75"]
[White "Choukri, Adel"]
[Black "Hasangatin, Ramil"]
[Result "1-0"]
[WhiteElo "2199"]
[BlackElo "2509"]
[PlyCount "51"]
[EventDate "2015.10.10"]
[EventType "rapid"]

1. e4 d5 2. exd5 Qxd5 3. Nc3 Qd6 4. d4 Nf6 5. g3 c6 6. Nge2 Bf5 7. Bg2 e6 8.
O-O Be7 9. Bf4 Qd8 10. h3 Nbd7 11. g4 Bg6 12. Bg3 h6 13. Nf4 Bh7 14. Qe2 Nb6
15. Rad1 Bd6 16. d5 cxd5 17. Ncxd5 Bxf4 18. Qb5+ Kf8 19. Nxf4 Qc8 20. Rfe1 Kg8
21. Qb4 Qxc2 22. Qe7 Be4 23. Rc1 Qxb2 24. Rc7 Rh7 25. Qxf7+ Kh8 26. Bxe4 1-0

[Event "World Rapid 2015"]
[Site "Berlin GER"]
[Date "2015.10.10"]
[Round "3.76"]
[White "Seel, Christian"]
[Black "Cordeiro, Marco Aurelio Zaror"]
[Result "1-0"]
[WhiteElo "2474"]
[BlackElo "2228"]
[PlyCount "120"]
[EventDate "2015.10.10"]
[EventType "rapid"]

1. Nf3 Nf6 2. c4 e6 3. Nc3 d5 4. d4 c6 5. e3 Be7 6. Bd3 O-O 7. O-O Nbd7 8. e4
dxe4 9. Nxe4 Nxe4 10. Bxe4 Nf6 11. Bc2 c5 12. Qd3 b6 13. Bg5 g6 14. Ne5 Bb7 15.
dxc5 bxc5 16. Qh3 Qc7 17. Rfe1 Nh5 18. Bh6 Ng7 19. Bf4 Bd6 20. Ng4 f5 21. Bxd6
Qxd6 22. Ne5 Rad8 23. Rad1 Qc7 24. Qc3 Nh5 25. Qe3 Be4 26. Bxe4 Qxe5 27. Bf3
Qxe3 28. Rxe3 Nf4 29. g3 Rxd1+ 30. Bxd1 Rd8 31. Bf3 Nh3+ 32. Kg2 Ng5 33. Ra3
Rd7 34. Ra6 Kf7 35. Bc6 Rc7 36. f4 Ne4 37. Bxe4 fxe4 38. Kf2 Kf6 39. g4 h5 40.
h3 hxg4 41. hxg4 Rd7 42. Ke3 Rd3+ 43. Kxe4 Rd4+ 44. Ke3 Rxc4 45. Rxa7 g5 46.
fxg5+ Kxg5 47. Kd3 Rd4+ 48. Kc3 Kxg4 49. Rc7 Rd5 50. a4 Kf4 51. a5 Rd8 52. Rxc5
e5 53. Rc7 e4 54. Rf7+ Kg3 55. Re7 Kf3 56. b4 e3 57. b5 e2 58. b6 Rc8+ 59. Kb4
Rd8 60. Kc5 Rd1 1-0

[Event "World Rapid 2015"]
[Site "Berlin GER"]
[Date "2015.10.10"]
[Round "3.77"]
[White "Osmanodja, Filiz"]
[Black "Sanal, Vahap"]
[Result "0-1"]
[WhiteElo "2291"]
[BlackElo "2501"]
[PlyCount "74"]
[EventDate "2015.10.10"]
[EventType "rapid"]

1. e4 g6 2. d4 Bg7 3. Nc3 d6 4. Bg5 a6 5. Nf3 Nd7 6. a4 b6 7. Bc4 Bb7 8. O-O h6
9. Bh4 g5 10. Bg3 e6 11. h4 g4 12. Nh2 h5 13. f3 Nh6 14. d5 Ne5 15. Bb3 Qe7 16.
Kh1 gxf3 17. Nxf3 Nhg4 18. dxe6 fxe6 19. Ng5 Ne3 20. Qe2 Nxf1 21. Rxf1 Rh6 22.
Bxe5 Bxe5 23. Bxe6 Rxe6 24. Qxh5+ Kd7 25. Qg4 Rg8 26. Nd5 Rxg5 27. hxg5 Qh7+
28. Qh3 Qxh3+ 29. gxh3 Bxb2 30. Rf7+ Kd8 31. Rf8+ Re8 32. Rxe8+ Kxe8 33. Nxc7+
Kf7 34. Kh2 Be5+ 35. Kg2 Bxe4+ 36. Kf2 Bxc2 37. Nxa6 Bxa4 0-1

[Event "World Rapid 2015"]
[Site "Berlin GER"]
[Date "2015.10.10"]
[Round "3.78"]
[White "Thornton, Giovanni Antonio"]
[Black "Petursson, Margeir"]
[Result "1-0"]
[WhiteElo "2207"]
[BlackElo "2520"]
[PlyCount "79"]
[EventDate "2015.10.10"]
[EventType "rapid"]

1. d4 d5 2. Nf3 Nf6 3. e3 g6 4. Bd3 Bg7 5. Nbd2 O-O 6. O-O c5 7. c3 b6 8. Qe2
Bb7 9. Rd1 Qc8 10. dxc5 bxc5 11. e4 e6 12. Bc2 Nc6 13. Nb3 Nxe4 14. Bxe4 dxe4
15. Ng5 Ne5 16. Nxe4 c4 17. Nbc5 Bd5 18. Be3 Nd3 19. Bd4 e5 20. Be3 f5 21. Nd6
Qc6 22. Nxd3 cxd3 23. Qxd3 Bxg2 24. Qc4+ Kh8 25. Nf7+ Rxf7 26. Qxf7 f4 27. Rd7
Rg8 28. Bc5 Bh3 29. Rd5 Be6 30. Rd6 Qxc5 31. Qxe6 e4 32. Rd5 Qc4 33. Rad1 e3
34. fxe3 f3 35. Qh3 Qe2 36. Qf1 Qxe3+ 37. Qf2 Qe4 38. Rd8 Bf6 39. Rxg8+ Kxg8
40. Rf1 1-0

[Event "World Rapid 2015"]
[Site "Berlin GER"]
[Date "2015.10.10"]
[Round "3.79"]
[White "Krnan, Tomas"]
[Black "Lagunow, Raphael"]
[Result "1-0"]
[WhiteElo "2440"]
[BlackElo "2164"]
[PlyCount "109"]
[EventDate "2015.10.10"]
[EventType "rapid"]

1. e4 c5 2. Nf3 Nc6 3. Bb5 g6 4. O-O Bg7 5. Nc3 Nf6 6. e5 Ng4 7. Bxc6 dxc6 8.
Re1 h5 9. h3 Nh6 10. Ne4 b6 11. Nf6+ Bxf6 12. exf6 e6 13. d4 cxd4 14. Nxd4 Qxf6
15. Nxc6 Nf5 16. Ne5 O-O 17. Qf3 Rb8 18. Qf4 g5 19. Qf3 Qh6 20. Qa3 Ra8 21. Nf3
Bb7 22. Bxg5 Qg6 23. h4 Bxf3 24. Qxf3 Nd4 25. Qb7 Nxc2 26. Rac1 Nxe1 27. Rxe1
Qf5 28. Re3 Qd5 29. Qe7 Qf5 30. Rg3 Kh7 31. Rf3 Qg6 32. Rf6 Qb1+ 33. Kh2 Kg8
34. Bh6 Rae8 35. Qa3 Qh7 36. Qg3+ Kh8 37. Qe5 Kg8 38. Qg3+ Kh8 39. Bf4 Rg8 40.
Qc3 e5 41. Rh6 f6 42. Rxh7+ Kxh7 43. Qd3+ Kh8 44. Bg3 Rg7 45. Qf5 Rf8 46. Qxh5+
Kg8 47. Qf5 Rh7 48. h5 Rh6 49. Bh4 Kg7 50. g4 Kh8 51. Qd7 Rh7 52. Qe6 Rhf7 53.
Qf5 Kg8 54. h6 Kh8 55. Qg6 1-0

[Event "World Rapid 2015"]
[Site "Berlin GER"]
[Date "2015.10.10"]
[Round "4.10"]
[White "Riazantsev, Alexander"]
[Black "Nikolic, Predrag"]
[Result "0-1"]
[WhiteElo "2646"]
[BlackElo "2603"]
[PlyCount "60"]
[EventDate "2015.10.10"]
[EventType "rapid"]

1. d4 Nf6 2. c4 e6 3. Nf3 Bb4+ 4. Bd2 a5 5. a3 Bxd2+ 6. Qxd2 O-O 7. Nc3 d5 8.
e3 Qe7 9. Rc1 Rd8 10. cxd5 exd5 11. Bd3 Nbd7 12. Qc2 Nf8 13. h3 c6 14. O-O Re8
15. Rb1 Ne4 16. b4 axb4 17. axb4 Ng5 18. Qe2 Nxh3+ 19. gxh3 Bxh3 20. Rfc1 Qf6
21. Ne1 Qg5+ 22. Kh1 Re6 23. f4 Qg3 24. Qf3 Qxf3+ 25. Nxf3 Rxe3 26. Be2 Ra3 27.
b5 Raxc3 28. Rxc3 Rxc3 29. Ne5 Bf5 30. Ra1 f6 0-1

[Event "World Rapid 2015"]
[Site "Berlin GER"]
[Date "2015.10.10"]
[Round "4.11"]
[White "Zhigalko, Sergei"]
[Black "Agdestein, Simen"]
[Result "1-0"]
[WhiteElo "2656"]
[BlackElo "2606"]
[PlyCount "45"]
[EventDate "2015.10.10"]
[EventType "rapid"]

1. e4 e6 2. d4 d5 3. e5 c5 4. c3 Nc6 5. Nf3 Bd7 6. Be2 a6 7. O-O Rc8 8. c4 dxc4
9. dxc5 Bxc5 10. Nbd2 Nge7 11. Ne4 Qb6 12. Be3 Bxe3 13. Nd6+ Kf8 14. fxe3 Rd8
15. Ng5 Nf5 16. Ndxf7 Nxe3 17. Qd6+ Kg8 18. Kh1 Nxf1 19. Rxf1 h6 20. Nxe6 Bxe6
21. Qxe6 Kh7 22. Bh5 Rhf8 23. Bg6+ 1-0

[Event "World Rapid 2015"]
[Site "Berlin GER"]
[Date "2015.10.10"]
[Round "4.12"]
[White "Meier, Georg"]
[Black "Dlugy, Maxim"]
[Result "1/2-1/2"]
[WhiteElo "2654"]
[BlackElo "2518"]
[PlyCount "81"]
[EventDate "2015.10.10"]
[EventType "rapid"]

1. Nf3 Nf6 2. g3 g6 3. Bg2 Bg7 4. O-O O-O 5. d4 d6 6. b3 a5 7. a4 c6 8. Bb2
Nbd7 9. Nbd2 d5 10. c4 Re8 11. Qc2 Nb8 12. e4 dxe4 13. Nxe4 Bf5 14. Nxf6+ Bxf6
15. Qe2 Na6 16. Ne5 Qb6 17. g4 Bc8 18. Rfe1 Bxe5 19. Qxe5 Bxg4 20. Re3 Qc7 21.
Qg5 Bf5 22. d5 cxd5 23. Bxd5 Nb4 24. Be5 Nxd5 25. Bxc7 Nxc7 26. Rxe7 Ne6 27.
Qf6 Rxe7 28. Qxe7 Be4 29. Rd1 Bc6 30. Qf6 Re8 31. h4 h5 32. Kh2 Rc8 33. Rd6 Re8
34. Rd3 Be4 35. Rd7 Rf8 36. Rd6 Bf5 37. Qe5 Ra8 38. Rb6 Rd8 39. Rxb7 Nd4 40.
Qc7 Rf8 41. Rb8 1/2-1/2

[Event "World Rapid 2015"]
[Site "Berlin GER"]
[Date "2015.10.10"]
[Round "4.20"]
[White "Inarkiev, Ernesto"]
[Black "Motylev, Alexander"]
[Result "1/2-1/2"]
[WhiteElo "2660"]
[BlackElo "2649"]
[PlyCount "129"]
[EventDate "2015.10.10"]
[EventType "rapid"]

1. d4 Nf6 2. c4 e6 3. Nf3 d5 4. g3 Bb4+ 5. Bd2 Be7 6. Bg2 O-O 7. O-O c6 8. Qc2
Nbd7 9. Rd1 b6 10. Bf4 Ba6 11. b3 Rc8 12. Nc3 h6 13. h3 Nh5 14. Bc1 Nhf6 15. e4
dxc4 16. Be3 b5 17. bxc4 bxc4 18. Nd2 Nb6 19. Rab1 Ba3 20. Na4 Nfd7 21. Bf1 Bb5
22. Nxb6 Nxb6 23. Qc3 Be7 24. Nxc4 Bxc4 25. Bxc4 Nd5 26. Qd3 Nxe3 27. Qxe3 Rb8
28. h4 Rxb1 29. Rxb1 Qd7 30. Rd1 Rd8 31. Bb3 Qc7 32. Rc1 Qb6 33. Rc4 h5 34. Qc3
g6 35. Kg2 a5 36. Ba4 Qb1 37. Bxc6 Qxa2 38. Ra4 Qe2 39. Rxa5 Rc8 40. Ra8 Rxa8
41. Bxa8 Qa6 42. Bc6 Qa3 43. Qc4 Qb4 44. Qd3 Qa3 45. Qd1 Qd6 46. Ba4 Bd8 47.
Bb3 Bb6 48. d5 e5 49. Qf3 Kg7 50. Ba4 Bd4 51. Bb3 Bc5 52. Qc3 Bd4 53. Qc4 Bb6
54. Qc3 Bd4 55. Qd2 Qb6 56. Ba4 Qb1 57. Bc2 Qb6 58. Bd1 Bc5 59. g4 hxg4 60.
Bxg4 Qf6 61. Kg3 Be7 62. Qg5 Qd6 63. Qe3 Qf6 64. Qg5 Qd6 65. Qe3 1/2-1/2

[Event "World Rapid 2015"]
[Site "Berlin GER"]
[Date "2015.10.10"]
[Round "4.24"]
[White "Bogdanovich, Stanislav"]
[Black "Guseinov, Gadir"]
[Result "0-1"]
[WhiteElo "2590"]
[BlackElo "2634"]
[PlyCount "48"]
[EventDate "2015.10.10"]
[EventType "rapid"]

1. d4 Nf6 2. c4 g6 3. Nc3 Bg7 4. e4 d6 5. Nf3 O-O 6. Be2 c5 7. O-O cxd4 8. Nxd4
Nc6 9. Be3 Bd7 10. Qd2 Nxd4 11. Bxd4 Bc6 12. f3 Nd7 13. Be3 a5 14. b3 Nc5 15.
Rab1 e6 16. Rfd1 Be5 17. Nb5 Qh4 18. g3 Bxg3 19. hxg3 Qxg3+ 20. Kf1 Nxe4 21.
Qb2 f5 22. Nd4 Bd7 23. Rd3 e5 24. Nb5 f4 0-1

[Event "World Rapid 2015"]
[Site "Berlin GER"]
[Date "2015.10.10"]
[Round "4.25"]
[White "Matlakov, Maxim"]
[Black "Borisek, Jure"]
[Result "1-0"]
[WhiteElo "2689"]
[BlackElo "2565"]
[PlyCount "55"]
[EventDate "2015.10.10"]
[EventType "rapid"]

1. d4 Nf6 2. c4 g6 3. Nc3 d5 4. cxd5 Nxd5 5. e4 Nxc3 6. bxc3 Bg7 7. Qa4+ Qd7 8.
Bb5 c6 9. Be2 O-O 10. Qa3 b6 11. Nf3 c5 12. O-O Bb7 13. d5 e6 14. Be3 exd5 15.
Rad1 d4 16. cxd4 Bxe4 17. dxc5 Qb7 18. Rfe1 Nd7 19. Ba6 Qc7 20. Bb5 Nf6 21. Bd4
Bxf3 22. Qxf3 Nh5 23. c6 Rad8 24. Be3 Be5 25. Rd7 Bxh2+ 26. Kh1 Qe5 27. Red1
Rde8 28. R1d5 1-0

[Event "World Rapid 2015"]
[Site "Berlin GER"]
[Date "2015.10.10"]
[Round "4.26"]
[White "Swiercz, Dariusz"]
[Black "Moiseenko, Alexander"]
[Result "1/2-1/2"]
[WhiteElo "2620"]
[BlackElo "2692"]
[PlyCount "59"]
[EventDate "2015.10.10"]
[EventType "rapid"]

1. d4 Nf6 2. Nf3 e6 3. g3 c5 4. Bg2 cxd4 5. O-O d5 6. Nxd4 e5 7. Nb3 Nc6 8. Bg5
Be6 9. Nc3 d4 10. Ne4 Be7 11. Bxf6 gxf6 12. Nec5 Qb6 13. Nxe6 fxe6 14. c3 O-O-O
15. Qc2 Kb8 16. Rfd1 f5 17. cxd4 Nxd4 18. Nxd4 Rxd4 19. Rxd4 exd4 20. Rd1 Rc8
21. Qb1 Qc5 22. Qd3 Bf6 23. g4 Qc2 24. gxf5 exf5 25. Bf3 Qxd3 26. Rxd3 Rc2 27.
Rb3 b6 28. Kg2 Kc7 29. Rb5 Rc5 30. Rxc5+ 1/2-1/2

[Event "World Rapid 2015"]
[Site "Berlin GER"]
[Date "2015.10.10"]
[Round "4.27"]
[White "Onischuk, Vladimir"]
[Black "Jumabayev, Rinat"]
[Result "1-0"]
[WhiteElo "2612"]
[BlackElo "2606"]
[PlyCount "99"]
[EventDate "2015.10.10"]
[EventType "rapid"]

1. e4 c5 2. Nf3 Nc6 3. Bb5 e6 4. Bxc6 bxc6 5. d3 Ne7 6. Qe2 f6 7. Nh4 g6 8. f4
Bg7 9. O-O d6 10. c4 O-O 11. Nc3 f5 12. Nf3 a5 13. e5 a4 14. Be3 g5 15. Nxg5 h6
16. Nf3 Ng6 17. a3 Rf7 18. Rad1 d5 19. Bxc5 Nxf4 20. Qe3 Ng6 21. Bd6 Qa5 22. c5
f4 23. Qf2 Bd7 24. Rfe1 Qd8 25. Ne2 Nf8 26. Ned4 Nh7 27. Rb1 Ng5 28. b4 axb3
29. Rxb3 Qe8 30. Reb1 Bc8 31. Qh4 Nxf3+ 32. Nxf3 Rfa7 33. Qg4 Ra4 34. h3 Kh7
35. Rb8 Rxa3 36. Qxf4 Qg6 37. Kh2 Qxd3 38. Qg4 Qg6 39. Qxg6+ Kxg6 40. Nd4 R3a6
41. Nxc6 Rxb8 42. Ne7+ Kh7 43. Rxb8 Bd7 44. Rb7 Ba4 45. c6 d4 46. c7 Bd7 47.
c8=Q Bxc8 48. Nxc8 Kg6 49. Ne7+ Kg5 50. Rb4 1-0

[Event "World Rapid 2015"]
[Site "Berlin GER"]
[Date "2015.10.10"]
[Round "4.28"]
[White "Bindrich, Falko"]
[Black "Kovalenko, Igor"]
[Result "0-1"]
[WhiteElo "2594"]
[BlackElo "2700"]
[PlyCount "142"]
[EventDate "2015.10.10"]
[EventType "rapid"]

1. d4 e6 2. c4 Nf6 3. g3 d5 4. Bg2 Bb4+ 5. Bd2 Be7 6. Nf3 O-O 7. O-O c6 8. Qc2
Nbd7 9. Rd1 b6 10. Bf4 Ba6 11. Nbd2 Rc8 12. Rac1 Nh5 13. Be3 b5 14. c5 b4 15.
Re1 Bb5 16. Qb3 a5 17. a3 bxa3 18. bxa3 Rb8 19. Qc2 f5 20. a4 Ba6 21. Nb3 Rb4
22. Bd2 Rxa4 23. Nxa5 Rxa5 24. Bxa5 Qxa5 25. Ra1 Qb5 26. Qa2 Nb8 27. e3 Qb7 28.
Reb1 Bb5 29. Bf1 Qc8 30. Bxb5 cxb5 31. Rxb5 Nc6 32. Qa6 Qxa6 33. Rxa6 Rc8 34.
Rbb6 Nd8 35. Ne5 Nf6 36. Ra7 Kf8 37. f3 Ke8 38. Kf2 g5 39. h3 g4 40. hxg4 fxg4
41. fxg4 Ne4+ 42. Kf3 Nxc5 43. dxc5 Bxc5 44. Rba6 Bxa7 45. Rxa7 Nc6 46. Nxc6
Rxc6 47. Rxh7 Rc3 48. Kf4 Rc4+ 49. Kg5 Re4 50. Kf6 Rxg4 51. Rh3 Kd7 52. Rh7+
Kd6 53. Rh8 Rxg3 54. e4 Rf3+ 55. Kg5 dxe4 56. Kg4 Rf1 57. Rh3 Kd5 58. Ra3 Rg1+
59. Kf4 e5+ 60. Kf5 Rf1+ 61. Kg4 Rf4+ 62. Kg5 Kd4 63. Ra4+ Kd3 64. Ra3+ Ke2 65.
Ra5 e3 66. Rxe5 Rd4 67. Ra5 Kf2 68. Rf5+ Ke1 69. Ra5 e2 70. Ra7 Rd1 71. Kg4 Kf1
0-1

[Event "World Rapid 2015"]
[Site "Berlin GER"]
[Date "2015.10.10"]
[Round "4.30"]
[White "Fedoseev, Vladimir3"]
[Black "Vovk, Yuri"]
[Result "1-0"]
[WhiteElo "2659"]
[BlackElo "2617"]
[PlyCount "53"]
[EventDate "2015.10.10"]
[EventType "rapid"]

1. e4 e6 2. d4 d5 3. Nd2 c5 4. Ngf3 cxd4 5. exd5 Qxd5 6. Bc4 Qd6 7. O-O Nf6 8.
Nb3 Nc6 9. Nbxd4 Nxd4 10. Nxd4 a6 11. Re1 Qc7 12. Bd3 Bc5 13. c3 Bd7 14. Bg5
Bxd4 15. cxd4 Bc6 16. Rc1 Qa5 17. Rc5 Qxa2 18. Bxf6 gxf6 19. d5 Bxd5 20. Bb1
Qxb2 21. Rxd5 Rc8 22. h3 h6 23. Rd7 Qb5 24. Rxe6+ fxe6 25. Bg6+ Kf8 26. Qd6+
Kg8 27. Qxe6+ 1-0

[Event "World Rapid 2015"]
[Site "Berlin GER"]
[Date "2015.10.10"]
[Round "4.31"]
[White "Mikhalevski, Victor"]
[Black "Navara, David"]
[Result "0-1"]
[WhiteElo "2536"]
[BlackElo "2734"]
[PlyCount "94"]
[EventDate "2015.10.10"]
[EventType "rapid"]

1. Nf3 d5 2. d4 c6 3. c4 Nf6 4. e3 Bg4 5. Qb3 Qb6 6. Nc3 e6 7. Nh4 Bh5 8. h3 g5
9. Nf3 h6 10. Ne5 Nfd7 11. Nd3 Bg6 12. h4 Rg8 13. hxg5 hxg5 14. Bd2 Na6 15. Rc1
Qxb3 16. axb3 Nb4 17. Nxb4 Bxb4 18. Be2 a5 19. f3 Nf6 20. g4 O-O-O 21. c5 Rh8
22. Kf2 e5 23. Nb1 Rde8 24. Bc3 e4 25. Nd2 Kc7 26. Ra1 exf3 27. Bxf3 Bd3 28.
Rxh8 Rxh8 29. Kg3 Re8 30. Kf2 Be4 31. Kg3 Bxf3 32. Kxf3 Rh8 33. Kg3 Rh4 34.
Bxb4 axb4 35. Ra8 Rxg4+ 36. Kf2 Rh4 37. Nf3 Ne4+ 38. Ke2 Rh1 39. Ne5 Rh2+ 40.
Ke1 f6 41. Ng6 Rxb2 42. Rf8 Rxb3 43. Rf7+ Kb8 44. Ke2 Rb2+ 45. Kd1 b3 46. Rf8+
Ka7 47. Ne7 Rd2+ 0-1